| 000 | 00455nab a2200145Ia 4500 | ||
|---|---|---|---|
| 003 | ES-SlBCS | ||
| 005 | 20210601125732.0 | ||
| 008 | 140529s2010 xxu||||| |||| 00| 0 eng d | ||
| 041 | _aeng | ||
| 100 | 1 |
_aEnglish, Leona M. _952495 |
|
| 245 | 0 | 0 |
_aAdult Education of the Laity _c Leona M. English |
| 650 | 0 | 4 |
_aEducación de Adultos _9128539 |
| 773 | 0 |
_tTheoforum (Antes "église et Théologie") _gvol. 41, nº. 1, 2010, págs. 131-148 _wRev473 |
|
| 942 | _cAR | ||
| 999 |
_c535102 _d535102 |
||